000 01024nam2a22002411 4500
001 rc\137457
005 20250612181313.0
010 _a5-7117-0098-7
_940000
035 _a(NLR Aleph) 008773951
090 _a7941113
_c7941113
100 _a20030307d1995 |||y0rusy50 ca
101 0 _arus
102 _aRU
105 _aa |||||||||
200 1 _aИстория России с древнейших времен
_eТ. 11-12
_f[Ред. совет: Алешкин П.Ф. (пред.) и др.]
210 _d1995
_aБ. м.
215 _a730 с.
_cил.
461 0 _1001rc\137451
_12001#$aСочинения$eВ 18 кн.$f[Отв. ред. Иванов Н.А.]$vКн. 6
_1700#1$aСоловьев$bС.М.$gСергей Михайлович$f1820-1879
_97896572
_aСоловьев, С.М. (1820-1879)
_cМ.
_d1993-
_f[Отв. ред. Иванов Н.А.]
_nГолос
_oВ 18 кн.
_tСочинения
_y5711700154
_vКн. 6
801 0 _aRU
_bNLR
_gpsbo
801 1 _aRU
_bELAR
_2rusmarc
852 _aNLR
_j93-3/1741
942 _cBOOK
980 _aNB